000 00824nam a22002417a 4500
999 _c17109
_d17109
003 AR-CdUCM
008 190507b ||||| |||| 00| 0 spa d
040 _aMUNICIPALIDAD PROVINCIAL DEL CUSCO
_cBIBLIOTECA MUNICIPAL DEL CUSCO
041 _hlat
082 _23ed.
_a108 /
_bAN61
100 _aSan Anselmo
_936965
245 _aProslogion /
260 _aMadrid :
_bAguilar,
_c1961.
300 _a103 paginas ;
_c16 cm.
505 _aContenido : Datos biográficos de San Anselmo -- Proslogion -- Respuesta en favor del insensato por Gaunilo -- Respuesta a Gaulino, por San Anselmo.
650 _aDios
_91427
650 _aPruebas
_936966
650 _aBiografías
_9148
650 _aEscolástica
_9464
700 _aFuentes benot, Antonio (Traducción)
_936967
942 _2ddc
_cLIBROS
945 _awnts
_d2019-05-7